000 00471 a2200157 4500
001 62918
020 _a9788506068625
040 _cAnchieta - Pituba
100 _aRozsas, Jeanette
240 1 0 _aEdgar Allan Poe, o mago do terror
_lpor
245 1 0 _aEdgar Allan Poe, o mago do terror
300 _a271
362 0 _a2012
650 4 _aPessoas em literatura, história, biografia, genealogia (incluindo historiadores, escritores e críticos da literatura)
942 _cBK
999 _c62918
_d62918